000
00294nam a2200121Ia 4500
008
190216s9999||||xx |||||||||||||| ||und||
100
_a
"Shashi K Gupta,Sharma R K"
245
0
_a
Accounting For Managerial Decisions
260
_b
Kalyani Pub
300
_a
244
650
_a
Commerce
942
_c
BK
999
_c
7278
_d
7278